Moral de actitudes

Saved in:
Bibliografiske detaljer
Hovedforfatter: Vidal García, Marciano (Author)
Format: Bog
Sprog:spansk
Udgivet: Madrid PS 1985
Udgivelse:6a. ed
Serier:Colección EAS, 17
Fag:
Tags: Tilføj Tag
Ingen Tags, Vær først til at tagge denne postø!

MARC

LEADER 00000nam a2200000 a 4500
001 UCI7100
003 CL-VaPUC
008 080613e19850000SP |||||||||||||||||spa|d
020 |a 8428405530 o. completa 
020 |a 8428402906 v.2 
082 0 4 |a 170  |b VID  |2 21 
100 |a Vidal García, Marciano  |e author  |9 600968 
245 1 0 |a Moral de actitudes 
250 |a 6a. ed 
300 |a 4 v 
942 |c BK 
945 |d 20080613 00:00:00  |a rbrito 
260 |a Madrid  |b PS  |c 1985 
500 |a v.1: Moral fundamental 
500 |a v.2 : Moral de la persona 
500 |a v.3: Moral social 
650 0 |a Ética  |9 255099 
650 0 |a Valores morales   |9 310604 
650 0 |a Bioética  |9 256117 
650 7 |a ETICA SEXUAL  |2 CL-VaPUC  |9 530232 
650 0 |a Ética religiosa   |9 311520 
583 |a last modification  |c 20080613 00:00:00  |k Rodrigo Vera 
490 0 |a Colección EAS, 17 
999 |c 330489  |d 330487 
952 |0 0  |1 0  |4 0  |6 170_000000000000000_VID_1985  |7 0  |8 A  |9 416056  |a BIBTEO  |b BIBTEO  |d 2019-11-22  |h v.2  |i 4447794  |o 170 VID 1985  |p 4447794  |r 2025-01-17  |w 2019-11-22  |y BK  |k ICR